Statistiques concernant Les lieux de "Suisse?" avec David Castello-Lopes

Cliquez ici pour prendre le quiz!

Statistiques générales

  • Ce quiz a été pris 63 fois
    (53 depuis la dernière actualisation)
  • Le résultat moyen est 6 sur 11

Statistiques - réponses

Réponse% Correct
Zurich
91%
Berne
81%
Tessin
70%
Emmental
68%
Montre
64%
Chocolat
60%
Darius Rochebin
53%
Hymne
40%
Ménage
21%
Accent
11%
Zoo de Bâle
11%

Distribution des résultats

Percentile par nombre de réponses

% des personnes avec chaque résultat

Votre développement - résultats

Vous n’avez pas pris ce quiz depuis la dernière actualisation